| 000 | 00516nam a2200181 i 4500 | ||
|---|---|---|---|
| 001 | 80533 | ||
| 003 | ES-MaACL | ||
| 005 | 20230906174234.0 | ||
| 007 | t| | ||
| 008 | 041028s1970 sp ||||1| spa d | ||
| 100 | 1 |
_aHlasko, Marek. _963845 |
|
| 245 | 1 | 0 |
_aTodos se desentendieron / _cMarek Hlasko ; [versión de Ramón Alonso]. |
| 250 | _a[1ª ed.]. | ||
| 260 |
_aBarcelona : _bLuis de Caralt, _c[1970] |
||
| 300 |
_a303 p. ; _c20 cm. |
||
| 700 | 1 |
_aAlonso, Ramón. _920239 |
|
| 852 |
_aES-MaACL _jC-39851 _bR.76435 |
||
| 999 |
_c80533 _d80533 |
||